| 000 | 00711nam a22001217a 4500 | ||
|---|---|---|---|
| 040 | _cRUA | ||
| 100 | _aLY CHANVEASNA លី ចាន់វាសនា | ||
| 245 | _aSTUDY ON GENERATION OF CONTOURLINES USING LIDAR TECHNOLOGY BASED ON DRONE DJI M300 RTK AND L1 ZENMUSE PAYLOAD សិក្សាអំពីការបង្កើតទិន្នន័យខ្សែរយះកម្ពស់ដីដោយប្រើប្រាស់បច្ចេកវិទ្យាដ្រូន LIDAR M300 RTK L1 ZENMUSE PAYLOAD | ||
| 260 |
_aPHNOM PENH _bRUA _c2023 |
||
| 300 |
_aXI. 63P _bVIII. _c29CM |
||
| 856 | _uhttps://drive.google.com/file/d/1w6WwQRZqu3wJkVHIYzPp3kzE-ILUKjNP/view?usp=sharing | ||
| 942 | _cLMA | ||
| 999 |
_c23185 _d23185 |
||